000 00379nam a2200121Ia 4500
008 150223s9999 xx 000 0 und d
020 _a812612637X
050 _aZ 674.4
_b.K21 2006
100 _aKaushik, pages :
245 _aManagement of library and information /
_cpages :Kaushik
260 _aNew Delhi :
_bAnmol Publications PVT. LTD.,
_c2006
300 _a312 pages :
_c22 cm.
999 _c283281
_d283281